Roitt. Inmunología. (Registro nro. 2091)

Detalles MARC
000 -LEADER
fixed length control field 01631 am a2200457 a 4500
005 - FECHA ULTIMA MODIFICACION
control field 20240430105413.0
008 - CAMPO DE CONTROL (LIBRO)
fixed length control field 100810s2014||||ag a f |||| 001 0 spa d
020 ## - INTERNATIONAL STANDARD BOOK NUMBER
ISBN 9786077743934
041 ## - CODIGO DE IDIOMA
Código de idioma del texto/pista de sonido o título separado spa
092 ## - SIGNATURA TOPOGRAFICA DEWEY LOCAL
número de clasificación 616.079
libristica 75
sección ROI
245 ## - TITULO PROPIAMENTE DICHO
Título Roitt. Inmunología.
Subtítulo y Título paralelo Fundamentos /
Mención de responsabilidad y remanente de la transcripción de la portada Peter J. Delves
250 ## - MENCION DE EDICION
Mención de edición 12a ed.
Mención de responsabilidad relacionada con la ed. Traducción Silvia Rondinone.
260 ## - PIE DE IMPRENTA
Lugar de publicación, distribución, etc Mexico:
Nombre de la editorial, distribuidor, etc Editorial Médica Panamericana;
Fecha de publicación 2014.
300 ## - DESCRIPCION FISICA
Extension 542 p.
Otros detalles físicos il.
500 ## - NOTA GENERAL
Nota general Delves, P. J. et al. (2014). Roitt. Inmunología. Fundamentos. (12a ed.). México : Editorial Médica Panamericana.
653 ## - TÉRMINO INDIZADO - PALABRAS CLAVES
Palabra clave Inmunidad innata
653 ## - TÉRMINO INDIZADO - PALABRAS CLAVES
Palabra clave Inmunidad adquirida específica
653 ## - TÉRMINO INDIZADO - PALABRAS CLAVES
Palabra clave Anticuerpos
653 ## - TÉRMINO INDIZADO - PALABRAS CLAVES
Palabra clave Receptores de membrana para el antígeno
653 ## - TÉRMINO INDIZADO - PALABRAS CLAVES
Palabra clave Interacción primaria con el antígeno
653 ## - TÉRMINO INDIZADO - PALABRAS CLAVES
Palabra clave Técnicas inmunoquímicas
653 ## - TÉRMINO INDIZADO - PALABRAS CLAVES
Palabra clave Técnicas celulares
653 ## - TÉRMINO INDIZADO - PALABRAS CLAVES
Palabra clave Anatomía de la respuesta inmune
653 ## - TÉRMINO INDIZADO - PALABRAS CLAVES
Palabra clave Activación de los linfocitos
653 ## - TÉRMINO INDIZADO - PALABRAS CLAVES
Palabra clave Producción de efectores
653 ## - TÉRMINO INDIZADO - PALABRAS CLAVES
Palabra clave Mecanismos de control
653 ## - TÉRMINO INDIZADO - PALABRAS CLAVES
Palabra clave Ontogenia y filogenia
653 ## - TÉRMINO INDIZADO - PALABRAS CLAVES
Palabra clave Estrategías de los adversarios durante la infección
653 ## - TÉRMINO INDIZADO - PALABRAS CLAVES
Palabra clave Profilaxis
653 ## - TÉRMINO INDIZADO - PALABRAS CLAVES
Palabra clave Inmunodeficiencia
653 ## - TÉRMINO INDIZADO - PALABRAS CLAVES
Palabra clave Hipersensibilidad
653 ## - TÉRMINO INDIZADO - PALABRAS CLAVES
Palabra clave Trasplante
653 ## - TÉRMINO INDIZADO - PALABRAS CLAVES
Palabra clave Inmunología tumoral
653 ## - TÉRMINO INDIZADO - PALABRAS CLAVES
Palabra clave Enfermedades autoinmunes. Alcance y etiología
653 ## - TÉRMINO INDIZADO - PALABRAS CLAVES
Palabra clave Enfermedades autoinmunes. Patogenia, diagnóstico y tratamiento
700 1# - ENTRADAS SECUNDARIAS - NOMBRE PERSONAL
Nombre personal Delves, Peter J.
9 (RLIN) 825
700 1# - ENTRADAS SECUNDARIAS - NOMBRE PERSONAL
Nombre personal Martin, Seamus J.
9 (RLIN) 2899
700 1# - ENTRADAS SECUNDARIAS - NOMBRE PERSONAL
Nombre personal Burton, Dennis R.
9 (RLIN) 2900
700 1# - ENTRADAS SECUNDARIAS - NOMBRE PERSONAL
Nombre personal Roitt, Ivan M.
9 (RLIN) 824
942 ## - ADDED ENTRY ELEMENTS (KOHA)
Source of classification or shelving scheme Dewey Decimal Classification
Item type Libros
Existencias
Estado de retiro Existencia Fuente de clasificación Estado general No para prestamo Colección Ubicación permanente ubicación actual Sala de ubicación Fecha de adquisición Fuente de adquisición Costo, precio normal de compra Total Checkouts Total Renewals Número de clasificación Código de barras Date last seen Date last borrowed Número de ejemplar Price effective from Koha tipo de elemento (item) Public note Coded location qualifier
    Dewey Decimal Classification     Non-fiction Biblioteca Medicina Biblioteca Medicina Circulación 29/05/2014 PROMED 544.00 28 2 616.079 75 ROI 3306 06/04/2026 27/03/2026 Ej. 3 29/05/2014 Libros Proyecto PROMED 3er año 2014. Sede Tordos.  
    Dewey Decimal Classification     Non-fiction Biblioteca Medicina Biblioteca Medicina Circulación 29/05/2014 PROMED 544.00 34 3 616.079 75 ROI 3307 01/04/2026 19/03/2026 Ej. 4 29/05/2014 Libros Proyecto PROMED 3er año 2014. Sede Tordos.  

UNIVERSIDAD NACIONAL DEL COMAHUE
Biblioteca de la Facultad de Ciencias Médicas
Sede Toschi: Los Arrayanes y Av. Toschi, Cipolletti  - Rio Negro
Sede Los Tordos:  Yrigoyen al 2211, Cipolletti - Rio Negro 

Teléfono: 0299 - 4774707 int 25
Contacto: biblioteca@facimed.uncoma.edu.ar
© 2011 - 2026